| 000 | 00988nas a2200277 i 4500 | ||
|---|---|---|---|
| 001 | 1481 | ||
| 003 | ES-MaACL | ||
| 005 | 20250217134223.0 | ||
| 007 | t| | ||
| 008 | 950801d18951908fr m| | 1 ||re d | ||
| 022 | _a1764-7983 | ||
| 245 | 0 | 3 |
_aLe Monde moderne _b: revue mensuelle illustrée. |
| 260 |
_aParis : _bAlbert Quantin, _c1895-1908 ( _fMotter Kapp) |
||
| 300 |
_a33 v. ; _c25 cm. |
||
| 310 | _aMensual | ||
| 362 | 0 | _a: N° 1 (janvier 1895)-n° 134 (octobre 1905) = t. 1-t. 22 ; nouvelle série, n° 1 (novembre 1905)-n° 33 (juillet 1908) | |
| 500 | _aA partir de 1903 no aparece el año de publicación. | ||
| 500 | _aA partir de 1906, nueva serie. | ||
| 525 | _aA partir de 1899 aparece un suplemento. | ||
| 650 | 1 | 4 |
_aRevistas de información general. _916896 |
| 700 | 1 |
_aVigneau, Jean, _edir. _9194215 |
|
| 785 | 0 | 0 |
_aLe Monde moderne et la femme d'aujourd'hui _dMay. 1906-1908 |
| 852 |
_aES-MaACL _jHem-165 |
||
| 866 | 0 | _o1897-1908 | |
| 999 |
_c1481 _d1481 |
||